[Event "12sen.WM-H Naumburg"]
[Site "Naumburg/Saale(20.10.-03.11.)"]
[Date "2002.10.21"]
[Round "1"]
[White "Unzicker, Wolfgang"]
[Black "Neumann, Horst"]
[Result "1-0"]
[WhiteElo "2432"]
[BlackElo "2035"]
[PlyCount "75"]
[EventDate "2002.11.??"]

1. e4 c6 2. d4 d5 3. Nc3 dxe4 4. Nxe4 Bf5 5. Ng3 Bg6 6. Nf3 Nd7 7. Bd3 e6 8.
O-O Bd6 9. Re1 Ne7 10. Ne4 Bc7 11. b3 O-O 12. Ba3 Ba5 13. b4 Bc7 14. Bb2 Nd5
15. a3 b5 16. c4 bxc4 17. Bxc4 N7b6 18. Ba6 Rb8 19. Ne5 Bxe5 20. dxe5 Qh4 21.
Qf3 Na4 22. Bd4 Bh5 23. Qg3 Qxg3 24. Nxg3 Bg6 25. Rac1 Ne7 26. Be2 Rb7 27. Bf3
Rc8 28. Ne4 Bxe4 29. Bxe4 Rd7 30. Ba1 Nd5 31. Red1 Nab6 32. g3 Kf8 33. Bd4 Rcc7
34. Bc5+ Kg8 35. Bd6 Rc8 36. Bc2 f6 37. Re1 fxe5 38. Bxe5 1-0

[Event "12sen.WM-H Naumburg"]
[Site "Naumburg/Saale(20.10.-03.11.)"]
[Date "2002.10.21"]
[Round "1"]
[White "Vogel, Alfred[37Soemm]"]
[Black "Ljubarskij, Jurij"]
[Result "0-1"]
[WhiteElo "1916"]
[BlackElo "2317"]
[PlyCount "60"]
[EventDate "2002.11.??"]

1. e4 e5 2. f4 exf4 3. Nf3 h6 4. d4 g5 5. h4 Bg7 6. Nc3 d6 7. Bc4 Nc6 8. Nd5
Na5 9. Be2 c6 10. Nc3 b5 11. Qd3 b4 12. Nb1 Rb8 13. c3 b3 14. Nbd2 g4 15. Ng1
Nf6 16. axb3 Nh5 17. b4 Nb7 18. Nf1 O-O 19. Qd1 Qd7 20. Kd2 Re8 21. Bd3 c5 22.
bxc5 dxc5 23. Qa4 cxd4 24. Qxd7 dxc3+ 25. bxc3 Bxd7 26. Rxa7 Bc6 27. Kc2 Nc5
28. Rc7 Ba4+ 29. Kd2 Nb3+ 30. Kd1 Red8 0-1

[Event "12sen.WM-H Naumburg"]
[Site "Naumburg/Saale(20.10.-03.11.)"]
[Date "2002.10.21"]
[Round "1"]
[White "Vucenovic, Dragomir"]
[Black "Eidelmann, Vova"]
[Result "1/2-1/2"]
[WhiteElo "2279"]
[BlackElo "1845"]
[PlyCount "69"]
[EventDate "2002.11.??"]

1. d4 Nf6 2. g3 d5 3. Bg2 e6 4. Nf3 b6 5. O-O c5 6. b3 Nc6 7. Bb2 Bb7 8. Nbd2
cxd4 9. Nxd4 Bc5 10. e3 Nxd4 11. exd4 Bb4 12. c3 Bd6 13. Re1 O-O 14. a3 Qd7 15.
Rc1 Rac8 16. f4 Rfe8 17. Qe2 h5 18. Nf3 Rc7 19. Ne5 Qe7 20. b4 Rec8 21. Bf3 g6
22. Qg2 Ne4 23. c4 Bxe5 24. dxe5 Rxc4 25. Rxc4 Rxc4 26. Rc1 Rxc1+ 27. Bxc1 a5
28. Qb2 axb4 29. axb4 Qd7 30. Qd4 Qc6 31. Be3 b5 32. Bxe4 dxe4 33. Qd8+ Kg7 34.
Qf6+ Kg8 35. Qd8+ 1/2-1/2

[Event "12sen.WM-H Naumburg"]
[Site "Naumburg/Saale(20.10.-03.11.)"]
[Date "2002.10.21"]
[Round "1"]
[White "Weber, Siegfried[27Fech]"]
[Black "Dietze, Otto"]
[Result "1/2-1/2"]
[WhiteElo "1588"]
[BlackElo "2126"]
[PlyCount "24"]
[EventDate "2002.11.??"]

1. e4 c5 2. Nf3 Nc6 3. d4 cxd4 4. Nxd4 Qc7 5. Nc3 e6 6. a3 a6 7. Be3 b5 8. Be2
Bb7 9. f3 Nf6 10. O-O Bd6 11. g3 Bxg3 12. hxg3 Qxg3+ 1/2-1/2

[Event "12sen.WM-H Naumburg"]
[Site "Naumburg/Saale(20.10.-03.11.)"]
[Date "2002.10.21"]
[Round "1"]
[White "Weigel, Helmut"]
[Black "Kunath, Werner"]
[Result "0-1"]
[WhiteElo "1581"]
[BlackElo "2122"]
[PlyCount "54"]
[EventDate "2002.11.??"]

1. Nf3 b6 2. g3 Bb7 3. Bg2 e6 4. c4 Nf6 5. Nc3 c5 6. O-O Be7 7. d4 cxd4 8. Qxd4
O-O 9. Rd1 Na6 10. a3 Nc5 11. Nd2 Bxg2 12. Kxg2 a5 13. Rb1 a4 14. Nb5 Qb8 15.
f3 d5 16. cxd5 exd5 17. Nf1 Qb7 18. Bf4 Rad8 19. Be3 Rd7 20. g4 Re8 21. Ng3 Ne6
22. Qxa4 d4 23. Bd2 Nxg4 24. Nf5 Red8 25. Nxe7+ Rxe7 26. h3 Ne5 27. Kf2 Nc5 0-1

[Event "12sen.WM-H Naumburg"]
[Site "Naumburg/Saale(20.10.-03.11.)"]
[Date "2002.10.21"]
[Round "1"]
[White "Werchan, Hans_Dr"]
[Black "Nopp, Josef"]
[Result "1-0"]
[WhiteElo "2121"]
[BlackElo "1579"]
[PlyCount "57"]
[EventDate "2002.11.??"]

1. Nf3 Nf6 2. c4 c5 3. g3 b6 4. Bg2 Bb7 5. O-O e6 6. d3 Be7 7. b3 O-O 8. Bb2 d6
9. Nc3 Nbd7 10. e4 a6 11. Qe2 Qc7 12. d4 Rfe8 13. Rfd1 cxd4 14. Nxd4 Ne5 15.
Rd2 Rad8 16. Rad1 Nc6 17. Nc2 e5 18. Ba3 Bc8 19. h3 Bf8 20. Qe3 Re6 21. Nd5 Qb8
22. Qxb6 Qxb6 23. Nxb6 Bb7 24. c5 Nd4 25. Nxd4 exd4 26. Rxd4 Bxe4 27. Bxe4 Nxe4
28. Rc1 Nf6 29. c6 1-0

[Event "12sen.WM-H Naumburg"]
[Site "Naumburg/Saale(20.10.-03.11.)"]
[Date "2002.10.21"]
[Round "1"]
[White "Werl, Wolfgang"]
[Black "Assmann, Hans"]
[Result "1/2-1/2"]
[WhiteElo "2088"]
[BlackElo "1575"]
[PlyCount "42"]
[EventDate "2002.11.??"]

1. d4 Nf6 2. Nc3 d5 3. e4 dxe4 4. f3 exf3 5. Nxf3 c6 6. Bc4 e6 7. O-O Be7 8.
Ne5 Nbd7 9. Bf4 Nb6 10. Bb3 a5 11. a3 O-O 12. Qf3 a4 13. Ba2 Nbd5 14. Rad1 Qb6
15. Bc1 Bd6 16. Nc4 Qc7 17. Nxd6 Qxd6 18. Bg5 h6 19. Nxd5 Nxd5 20. Bxd5 exd5
21. Bf4 Qg6 1/2-1/2

[Event "12sen.WM-H Naumburg"]
[Site "Naumburg/Saale(20.10.-03.11.)"]
[Date "2002.10.21"]
[Round "1"]
[White "Wiebke, Elfriede"]
[Black "Polk, Maria"]
[Result "1/2-1/2"]
[WhiteElo "1150"]
[BlackElo "1233"]
[PlyCount "53"]
[EventDate "2002.11.??"]

1. e4 c5 2. Nf3 e6 3. Nc3 a6 4. Be2 Nc6 5. a3 d5 6. exd5 exd5 7. d4 cxd4 8.
Nxd4 Nf6 9. Nxc6 bxc6 10. O-O Be7 11. Bg5 O-O 12. Bd3 h6 13. Bxf6 Bxf6 14. h3
Be6 15. Qf3 Qc8 16. Rab1 Bg5 17. Ne2 g6 18. Nf4 Bf5 19. Bxf5 Qxf5 20. Nd3 Qxf3
21. gxf3 Rae8 22. Nc5 Re2 23. Nxa6 Rxc2 24. Nb4 Rc4 25. Nd3 Re8 26. b3 Rc3 27.
Ne1 1/2-1/2

[Event "12sen.WM-H Naumburg"]
[Site "Naumburg/Saale(20.10.-03.11.)"]
[Date "2002.10.21"]
[Round "1"]
[White "Will, Michael"]
[Black "Maletzki, Heinz"]
[Result "1-0"]
[WhiteElo "2077"]
[BlackElo "1514"]
[PlyCount "120"]
[EventDate "2002.11.??"]

1. c4 e5 2. Nc3 Nf6 3. e4 Bc5 4. Be2 a6 5. d3 Nc6 6. Nf3 d6 7. Bg5 h6 8. Bd2
Bg4 9. Qc1 Bxf3 10. Bxf3 Nd4 11. Bd1 c6 12. O-O Qd7 13. Ne2 Ne6 14. Ng3 Nd4 15.
Bc3 g6 16. Bd2 Ng4 17. h3 Nf6 18. b4 Ba7 19. Bxh6 Ne6 20. Bg5 Ng8 21. Bg4 f6
22. Bxe6 Qxe6 23. Be3 c5 24. Rb1 b6 25. f4 Qd7 26. f5 g5 27. Qd1 Ne7 28. Nh5
Ng8 29. g4 O-O-O 30. a4 Qf7 31. Rf2 Ne7 32. Rfb2 Nc6 33. b5 Nb4 34. bxa6 Nxa6
35. Rb5 Qc7 36. Bd2 Rh6 37. a5 Nb4 38. Bxb4 cxb4 39. Kg2 bxa5 40. Qa4 Bb6 41.
Rh1 Rg8 42. Rb1 Kd8 43. R1xb4 axb4 44. Rxb6 Qxb6 45. Qa8+ Kc7 46. Qxg8 b3 47.
c5 dxc5 48. Qg7+ Kb8 49. Qxh6 b2 50. Nxf6 Ka7 51. Qg7+ Ka6 52. Nd5 Qb3 53. Qf6+
Ka7 54. Qf7+ Qb7 55. Qxb7+ Kxb7 56. Nc3 Kc7 57. Kf2 Kd6 58. Ke2 c4 59. dxc4 Kc5
60. Kd2 Kxc4 1-0

[Event "12sen.WM-H Naumburg"]
[Site "Naumburg/Saale(20.10.-03.11.)"]
[Date "2002.10.21"]
[Round "1"]
[White "Winiwarter, Felix_Dr"]
[Black "Fries, Karl_Heinz"]
[Result "1-0"]
[WhiteElo "2191"]
[BlackElo "1727"]
[PlyCount "66"]
[EventDate "2002.11.??"]

1. e4 d5 2. exd5 Qxd5 3. Nc3 Qa5 4. b4 Qe5+ 5. Be2 c6 6. Nf3 Qc7 7. O-O Bg4 8.
h3 Bh5 9. d4 Nf6 10. b5 e6 11. bxc6 bxc6 12. g4 Bg6 13. Ne5 Bd6 14. Nxg6 hxg6
15. Qd3 Nbd7 16. Qf3 Nb6 17. Re1 O-O-O 18. Rb1 Nfd5 19. Nxd5 exd5 20. Ba6+ Kb8
21. a4 Rde8 22. Rxe8+ Rxe8 23. a5 Re1+ 24. Kg2 Re7 25. c4 dxc4 26. Bxc4 Kc8 27.
axb6 axb6 28. Bd2 b5 29. Bxb5 cxb5 30. Rc1 Qxc1 31. Bxc1 Rb7 32. Qc6+ Bc7 33.
Bf4 Kb8 1-0

[Event "12sen.WM-H Naumburg"]
[Site "Naumburg/Saale(20.10.-03.11.)"]
[Date "2002.10.21"]
[Round "1"]
[White "Zhelesny, Stanislav"]
[Black "Burreh, Heinz"]
[Result "1-0"]
[WhiteElo "2229"]
[BlackElo "1826"]
[PlyCount "141"]
[EventDate "2002.11.??"]

1. d4 d5 2. Nf3 Nf6 3. g3 c6 4. Bg2 Bf5 5. O-O h6 6. Nbd2 e6 7. c4 Be7 8. b3
O-O 9. Bb2 Ne4 10. Ne5 Nxd2 11. Qxd2 Nd7 12. Rad1 Nxe5 13. dxe5 Qb6 14. cxd5
cxd5 15. Bd4 Bc5 16. Bxc5 Qxc5 17. Rc1 Qb6 18. Qf4 Bg6 19. e4 dxe4 20. Bxe4
Bxe4 21. Qxe4 Rac8 22. Rfd1 Rxc1 23. Rxc1 Rd8 24. Kg2 a6 25. Rc4 a5 26. b4 axb4
27. Rxb4 Qc6 28. Qxc6 bxc6 29. Rc4 Rd5 30. Rxc6 Rxe5 31. a4 Re2 32. a5 Ra2 33.
a6 g5 34. h3 Kg7 35. g4 Kf6 36. Kg3 Ra3+ 37. f3 Ra1 38. h4 Rg1+ 39. Kf2 Ra1 40.
h5 Ra2+ 41. Kg3 Ra3 42. Rd6 Ra1 43. Rc6 Ra3 44. Kf2 Ra2+ 45. Ke3 Ra3+ 46. Kd4
Rxf3 47. Rc3 Rf4+ 48. Kc5 Ra4 49. Kb5 Ra1 50. Rc4 Ke5 51. Ra4 Rb1+ 52. Kc6 Rb8
53. a7 Ra8 54. Kb7 Re8 55. a8=Q Rxa8 56. Rxa8 f5 57. Ra5+ Kf4 58. gxf5 exf5 59.
Ra6 g4 60. Rxh6 Kg5 61. Rh8 f4 62. h6 f3 63. h7 f2 64. Rf8 g3 65. h8=Q Kg4 66.
Qg7+ Kh3 67. Rf3 f1=Q 68. Rxf1 Kg2 69. Qf7 Kh2 70. Qh5+ Kg2 71. Qh1# 1-0

[Event "12sen.WM-H Naumburg"]
[Site "Naumburg/Saale(20.10.-03.11.)"]
[Date "2002.10.21"]
[Round "1"]
[White "Zierott, Gert_ProfDr"]
[Black "Badestein, Hartmut"]
[Result "0-1"]
[WhiteElo "1740"]
[BlackElo "2122"]
[PlyCount "116"]
[EventDate "2002.11.??"]

1. d4 Nf6 2. c4 g6 3. Nc3 Bg7 4. Nf3 O-O 5. e4 d6 6. h3 e5 7. d5 Na6 8. Be3 Qe8
9. Be2 Nh5 10. Qd2 f5 11. exf5 gxf5 12. g3 f4 13. gxf4 Nxf4 14. O-O-O Kh8 15.
Rdg1 Qf7 16. Ng5 Nxe2+ 17. Qxe2 Qf5 18. Nge4 Bd7 19. Rg5 Qf3 20. Rhg1 Qxe2 21.
Nxe2 Bh6 22. Rh5 Bxe3+ 23. fxe3 Bf5 24. Ng5 Nc5 25. Ng3 Bg6 26. Rh4 Rf2 27.
N3e4 Nxe4 28. Nxe4 Bxe4 29. Rxe4 Rg8 30. Reg4 Rxg4 31. hxg4 Kg7 32. a3 Kg6 33.
b3 Kg5 34. Rh1 h6 35. Rh5+ Kg6 36. Rh4 Re2 37. Rh3 Rg2 38. Rh4 Re2 39. Rh3 Rf2
40. Rh4 a5 41. a4 Rg2 42. Rh3 Rxg4 43. Rf3 h5 44. Kd2 h4 45. Ke2 Rg2+ 46. Kf1
Rb2 47. e4 Kg5 48. Rf7 h3 49. Kg1 Rxb3 50. Rxc7 Kf4 51. Rd7 Rb6 52. Rf7+ Kxe4
53. Rf1 Kd4 54. Rf3 Kxc4 55. Rxh3 Kxd5 56. Kf2 Rb2+ 57. Ke1 Kd4 58. Kd1 e4 0-1

[Event "12sen.WM-H Naumburg"]
[Site "Naumburg/Saale(20.10.-03.11.)"]
[Date "2002.10.21"]
[Round "1"]
[White "Zotin, Vladimir"]
[Black "Axnich, Hellmuth"]
[Result "1-0"]
[WhiteElo "2058"]
[BlackElo "1364"]
[PlyCount "62"]
[EventDate "2002.11.??"]

1. b3 e5 2. Bb2 d6 3. e3 Be7 4. d4 exd4 5. Bxd4 Bf6 6. Nf3 Bxd4 7. Nxd4 Nf6 8.
Be2 O-O 9. O-O c6 10. c4 Qc7 11. Nd2 Na6 12. a3 Nc5 13. b4 Ne6 14. N2f3 h6 15.
Qc2 Re8 16. a4 Nf8 17. Bd3 Bg4 18. h3 Bh5 19. Nh4 N6h7 20. g4 Qe7 21. Nhf5 Qg5
22. f4 Qf6 23. gxh5 g5 24. Rae1 gxf4 25. Rxf4 Ng5 26. Kg2 Kh8 27. Ref1 Nfe6 28.
Rg4 Ng7 29. Nxg7 Qxg7 30. h4 Rxe3 31. hxg5 hxg5 1-0

[Event "12sen.WM-H Naumburg"]
[Site "Naumburg/Saale(20.10.-03.11.)"]
[Date "2002.10.21"]
[Round "1"]
[White "Zunker, Reinhard_Dr"]
[Black "Demmer, Wolfgang"]
[Result "1-0"]
[WhiteElo "2203"]
[BlackElo "1753"]
[PlyCount "113"]
[EventDate "2002.11.??"]

1. e4 d6 2. d4 Nf6 3. Nc3 c6 4. Bd3 e5 5. Nge2 Be7 6. h3 Nbd7 7. Be3 O-O 8. Qd2
Re8 9. O-O-O Qc7 10. g4 exd4 11. Nxd4 Ne5 12. g5 Nxd3+ 13. Qxd3 Nh5 14. Qc4 Qa5
15. f4 Bd7 16. Bd2 Qd8 17. Qd3 b5 18. Nf5 b4 19. Ne2 a5 20. Qf3 Bxf5 21. exf5
g6 22. h4 Qd7 23. f6 Bf8 24. Ng3 Nxg3 25. Qxg3 Qe6 26. Kb1 Qf5 27. h5 Ra7 28.
hxg6 fxg6 29. Rde1 Rxe1+ 30. Rxe1 Qd5 31. Qe3 Rd7 32. Bc1 c5 33. Qe8 Qf7 34.
Qa8 Ra7 35. Qc6 Qd7 36. Qd5+ Qf7 37. Re6 Rd7 38. b3 Rd8 39. Qc4 d5 40. Qe2 Rd7
41. Ra6 Ra7 42. Qb5 Rxa6 43. Qxa6 Qc7 44. Qe6+ Qf7 45. Qb6 c4 46. Qxa5 cxb3 47.
axb3 Qe6 48. Qa7 Qf7 49. Qb6 Qe8 50. Be3 Qd7 51. Bd4 Kf7 52. Bc5 Bxc5 53. Qxc5
Qb7 54. Qd6 Kg8 55. Qd8+ Kf7 56. Qh8 Ke6 57. Qe8+ 1-0

[Event "12sen.WM-H Naumburg"]
[Site "Naumburg/Saale(20.10.-03.11.)"]
[Date "2002.10.22"]
[Round "2"]
[White "Assmann, Hans"]
[Black "Kripp, Wolfgang"]
[Result "0-1"]
[WhiteElo "1558"]
[BlackElo "2172"]
[PlyCount "74"]
[EventDate "2002.11.??"]

1. e4 Nf6 2. e5 Nd5 3. d4 d6 4. c4 Nb6 5. Nf3 Bg4 6. h3 Bxf3 7. Qxf3 Nc6 8. Qe4
d5 9. cxd5 Qxd5 10. Qxd5 Nxd5 11. Bb5 Ndb4 12. Na3 a6 13. Bxc6+ Nxc6 14. Be3 e6
15. Nc2 Bb4+ 16. Ke2 O-O-O 17. Rhd1 Ba5 18. Rd3 Rd5 19. a3 Bb6 20. h4 Rhd8 21.
Bg5 R8d7 22. Rad1 Nxd4+ 23. Nxd4 Bxd4 24. Be3 Bxb2 25. Rxd5 Rxd5 26. Rb1 Bxa3
27. Rb3 Bc5 28. Bf4 Bd4 29. Rd3 c5 30. g4 Kc7 31. h5 Kc6 32. Bg3 Bxe5 33. f4
Rxd3 34. Kxd3 Bc7 35. g5 Kd5 36. f5 Bxg3 37. g6 fxg6 0-1

[Event "12sen.WM-H Naumburg"]
[Site "Naumburg/Saale(20.10.-03.11.)"]
[Date "2002.10.22"]
[Round "2"]
[White "Axnich, Hellmuth"]
[Black "Schneiderheinze, Roland"]
[Result "0-1"]
[WhiteElo "1373"]
[BlackElo "1754"]
[PlyCount "116"]
[EventDate "2002.11.??"]

1. d4 e6 2. c4 d5 3. e3 Nf6 4. a3 Be7 5. Nf3 Nbd7 6. cxd5 exd5 7. Bd3 c6 8. O-O
O-O 9. Nc3 Re8 10. b4 a5 11. Rb1 axb4 12. axb4 b5 13. Bb2 Bxb4 14. Ra1 Bb7 15.
Ne2 Bd6 16. Qc2 Nf8 17. Rxa8 Bxa8 18. Ra1 Bb7 19. h3 Bb8 20. Nf4 h6 21. Ne5
Bxe5 22. dxe5 N6d7 23. e6 Nxe6 24. Nxe6 Rxe6 25. Bf5 Re8 26. Ra7 Bc8 27. Bh7+
Kh8 28. Bf5 Ne5 29. Bxc8 Qxc8 30. Bxe5 Rxe5 31. Rxf7 Re8 32. Qg6 Rg8 33. g4 Qe8
34. Qf5 Qe4 35. Qd7 Qg6 36. Re7 b4 37. Re6 Qb1+ 38. Kg2 b3 39. Qxc6 Kh7 40.
Qxd5 b2 41. Rb6 Rf8 42. Qd2 Qe4+ 43. Kg1 b1=Q+ 44. Rxb1 Qxb1+ 45. Kg2 Qe4+ 46.
Kg1 Rb8 47. Kf1 Qh1+ 48. Ke2 Qb1 49. Qd3+ Qxd3+ 50. Kxd3 Rb2 51. f4 Rh2 52. Kd4
Rxh3 53. e4 Rg3 54. e5 Rxg4 55. Ke4 Kg6 56. Kf3 Rg1 57. Ke4 Re1+ 58. Kd5 Kf5
0-1

[Event "12sen.WM-H Naumburg"]
[Site "Naumburg/Saale(20.10.-03.11.)"]
[Date "2002.10.22"]
[Round "2"]
[White "Bachmann, Karlheinz"]
[Black "Werchan, Hans_Dr"]
[Result "1/2-1/2"]
[WhiteElo "2108"]
[BlackElo "2121"]
[PlyCount "39"]
[EventDate "2002.11.??"]

1. Nf3 c5 2. g3 Nf6 3. Bg2 Nc6 4. O-O g6 5. c4 Bg7 6. Nc3 O-O 7. d4 cxd4 8.
Nxd4 a6 9. b3 Qa5 10. Bb2 Rb8 11. a3 Qh5 12. Nd5 Nxd5 13. cxd5 Ne5 14. h3 f5
15. e3 Qxd1 16. Rfxd1 Nf7 17. Rac1 Nd6 18. Rd2 b6 19. Ne2 Bxb2 20. Rxb2 1/2-1/2

[Event "12sen.WM-H Naumburg"]
[Site "Naumburg/Saale(20.10.-03.11.)"]
[Date "2002.10.22"]
[Round "2"]
[White "Badestein, Hartmut"]
[Black "Olsen, Willy"]
[Result "1-0"]
[WhiteElo "2122"]
[BlackElo "1842"]
[PlyCount "77"]
[EventDate "2002.11.??"]

1. e4 c5 2. Nf3 Nc6 3. Bb5 a6 4. Bxc6 dxc6 5. d3 Qc7 6. Be3 e5 7. h3 Bd6 8. O-O
Ne7 9. Nbd2 Ng6 10. Nc4 b5 11. Nxd6+ Qxd6 12. Qd2 O-O 13. Qc3 c4 14. dxc4 b4
15. Qd2 Qe7 16. Rfd1 Be6 17. b3 Rfd8 18. Qe1 c5 19. Rxd8+ Rxd8 20. Rd1 Rxd1 21.
Qxd1 f6 22. Ne1 Nf8 23. Qd2 g5 24. f3 h5 25. Nd3 Nd7 26. Qf2 Qd6 27. Bxc5 Nxc5
28. Qxc5 Qd7 29. Qf2 a5 30. Qb6 Kg7 31. Kh2 Kg6 32. c5 h4 33. Qxa5 g4 34. fxg4
Bxg4 35. Qxb4 Be6 36. a4 Kh5 37. Qe1 Qg7 38. b4 Bc4 39. b5 1-0

[Event "12sen.WM-H Naumburg"]
[Site "Naumburg/Saale(20.10.-03.11.)"]
[Date "2002.10.22"]
[Round "2"]
[White "Barnstedt, Dietrich"]
[Black "Ivanets, Vladimir[39Russl]"]
[Result "1/2-1/2"]
[WhiteElo "2035"]
[BlackElo "2172"]
[PlyCount "42"]
[EventDate "2002.11.??"]

1. d4 b5 2. Nf3 Nf6 3. Nbd2 Bb7 4. e3 a6 5. Bd3 e6 6. O-O c5 7. c3 d6 8. Qe2
Nbd7 9. Rd1 Be7 10. e4 e5 11. dxe5 dxe5 12. c4 b4 13. b3 O-O 14. Bb2 Qc7 15.
Nf1 Rfe8 16. Qd2 Nf8 17. Ne3 Ne6 18. Nd5 Nxd5 19. cxd5 Nd4 20. Qe3 Nxf3+ 21.
Qxf3 a5 1/2-1/2

[Event "12sen.WM-H Naumburg"]
[Site "Naumburg/Saale(20.10.-03.11.)"]
[Date "2002.10.22"]
[Round "2"]
[White "Bergmann, Hans_Dieter"]
[Black "Langer, Wolfgang[39Leipz]"]
[Result "0-1"]
[WhiteElo "1529"]
[BlackElo "1813"]
[PlyCount "94"]
[EventDate "2002.11.??"]

1. e4 e6 2. d4 d5 3. Nc3 Bb4 4. e5 c5 5. a3 Bxc3+ 6. bxc3 Ne7 7. Qg4 Qc7 8.
Qxg7 Rg8 9. Qxh7 cxd4 10. Ne2 Nbc6 11. f4 Bd7 12. Qd3 dxc3 13. Be3 Nf5 14. Bf2
Na5 15. g3 a6 16. a4 Rc8 17. Nd4 Nxd4 18. Bxd4 Nc6 19. Qh7 Nxd4 20. Qxg8+ Ke7
21. Qg5+ Ke8 22. Kd1 Qb6 23. Bd3 Qb2 24. Rc1 Nb3 25. f5 Qxc1+ 26. Qxc1 Nxc1 27.
Kxc1 exf5 28. h4 Kf8 29. h5 Kg7 30. h6+ Kh8 31. h7 Re8 32. Re1 Kxh7 33. g4 Kg7
34. gxf5 Rh8 35. a5 Kf8 36. Rf1 Rh4 37. e6 Bb5 38. Bxb5 axb5 39. Re1 fxe6 40.
fxe6 Ke7 41. Kb1 Rb4+ 42. Ka2 Rb2+ 43. Ka3 b4+ 44. Ka4 d4 45. Kb5 d3 46. cxd3
c2 47. Rc1 b3 0-1

[Event "12sen.WM-H Naumburg"]
[Site "Naumburg/Saale(20.10.-03.11.)"]
[Date "2002.10.22"]
[Round "2"]
[White "Bernhoeft, Erhard"]
[Black "Igney, Volkhard"]
[Result "1-0"]
[WhiteElo "2074"]
[BlackElo "2254"]
[PlyCount "66"]
[EventDate "2002.11.??"]

1. c4 Nf6 2. Nc3 g6 3. g3 Bg7 4. Nf3 d6 5. d4 O-O 6. Bg2 Nc6 7. O-O a6 8. b3
Rb8 9. Bb2 b5 10. cxb5 axb5 11. Ng5 Bd7 12. e3 e5 13. dxe5 Nxe5 14. Qc2 Bf5 15.
e4 Bd7 16. f4 Neg4 17. Rfe1 c6 18. h3 Qb6+ 19. Kh1 Ne3 20. Qf2 Nxg2 21. Qxb6
Rxb6 22. Kxg2 b4 23. Na4 Rb5 24. e5 Ne8 25. exd6 Bxb2 26. Nxb2 Bc8 27. Rad1 Bf5
28. Re2 Ra5 29. Na4 h6 30. Ne4 Be6 31. g4 Ng7 32. Nec5 Bd5+ 33. Kg3 Ra7 1-0

[Event "12sen.WM-H Naumburg"]
[Site "Naumburg/Saale(20.10.-03.11.)"]
[Date "2002.10.22"]
[Round "2"]
[White "Boeven, Manfred"]
[Black "Katalymov, Boris"]
[Result "0-1"]
[WhiteElo "2154"]
[BlackElo "2378"]
[PlyCount "50"]
[EventDate "2002.11.??"]

1. d4 e6 2. Nc3 d5 3. Nf3 Nf6 4. Bg5 h6 5. Bxf6 gxf6 6. e4 c6 7. Bd3 Bg7 8. Qe2
a5 9. O-O h5 10. exd5 cxd5 11. Nb5 Nc6 12. c4 Nb4 13. a3 Nxd3 14. Qxd3 dxc4 15.
Qxc4 O-O 16. Qc5 a4 17. Rac1 Bd7 18. Qb4 Bc6 19. Rc5 Qb6 20. b3 axb3 21. Qxb3
Rfd8 22. Rxh5 Rd5 23. Rxd5 Bxd5 24. Qd3 Qc6 25. Qb1 Bc4 0-1

[Event "12sen.WM-H Naumburg"]
[Site "Naumburg/Saale(20.10.-03.11.)"]
[Date "2002.10.22"]
[Round "2"]
[White "Braune, Herbert"]
[Black "Eidam, Horst"]
[Result "0-1"]
[WhiteElo "1556"]
[BlackElo "1862"]
[PlyCount "100"]
[EventDate "2002.11.??"]

1. e4 g6 2. d4 Bg7 3. Nf3 d6 4. Be2 Nf6 5. Nc3 O-O 6. O-O c6 7. h3 Qc7 8. Bf4
Nfd7 9. Qe1 e5 10. dxe5 dxe5 11. Bg3 Nb6 12. Rd1 Be6 13. b3 f6 14. Nh2 N8d7 15.
f4 exf4 16. Bxf4 Ne5 17. Nf3 Nbd7 18. Kh1 Nxf3 19. Rxf3 Ne5 20. Bxe5 Qxe5 21.
Qg3 Qxg3 22. Rxg3 Rad8 23. Rxd8 Rxd8 24. Rd3 Rxd3 25. Bxd3 Kf7 26. Ne2 Ke7 27.
Kg1 Kd6 28. Nd4 Bd7 29. Kf2 f5 30. Ne2 fxe4 31. Bxe4 Ke5 32. Bf3 Bf5 33. c3 Bh6
34. Ke1 Bb1 35. a4 Be3 36. a5 Kd6 37. Ng3 Bd3 38. b4 Ke5 39. Be2 Bb1 40. Bf3
Bd3 41. Be2 Bc2 42. Bf3 Bf4 43. Ne2 Be4 44. Nd4 Be3 45. Ne2 Bxf3 46. gxf3 Kd5
47. Ng3 Kc4 48. Ke2 Bf4 49. Ne4 h5 50. Nd2+ Kxc3 0-1

[Event "12sen.WM-H Naumburg"]
[Site "Naumburg/Saale(20.10.-03.11.)"]
[Date "2002.10.22"]
[Round "2"]
[White "Breustedt, Werner"]
[Black "Malinichev, Konstantin"]
[Result "1/2-1/2"]
[WhiteElo "2264"]
[BlackElo "2300"]
[PlyCount "104"]
[EventDate "2002.11.??"]

1. e4 e5 2. Nf3 Nc6 3. Bb5 a6 4. Ba4 Nf6 5. O-O Be7 6. Re1 b5 7. Bb3 O-O 8. c3
d5 9. exd5 Nxd5 10. d4 exd4 11. Nxd4 Nxd4 12. Qxd4 Be6 13. Nd2 c5 14. Qe4 Re8
15. Nf3 Nf6 16. Qe2 Bd6 17. Bxe6 Rxe6 18. Qf1 Rxe1 19. Qxe1 Qc7 20. Bg5 Re8 21.
Qf1 Ne4 22. Be3 c4 23. Rd1 g6 24. Bd4 Nc5 25. Bxc5 Bxc5 26. Rd2 Rd8 27. Qd1
Rxd2 28. Qxd2 Qd6 29. Qe2 f6 30. h3 Kf7 31. Kf1 Qd5 32. Nd2 f5 33. Nf3 Kf6 34.
h4 h6 35. Ne1 Qe4 36. Qxe4 fxe4 37. Ke2 Ke5 38. Nc2 h5 39. g3 Kf5 40. Ne3+ Ke5
41. Ng2 Kf5 42. Ne3+ Ke5 43. Ng2 Bd6 44. a4 Kf5 45. axb5 axb5 46. Ne3+ Ke5 47.
Nc2 Bc5 48. Ne3 Bd6 49. Kd2 Bc5 50. Ke2 Bd6 51. Ng2 Bf8 52. Ne3 Bh6 1/2-1/2

[Event "12sen.WM-H Naumburg"]
[Site "Naumburg/Saale(20.10.-03.11.)"]
[Date "2002.10.22"]
[Round "2"]
[White "Broberg, Horst"]
[Black "Kosanski, Stanko"]
[Result "0-1"]
[WhiteElo "2157"]
[BlackElo "2386"]
[PlyCount "156"]
[EventDate "2002.11.??"]

1. e4 d6 2. d4 g6 3. Nf3 Bg7 4. Bc4 c6 5. O-O e6 6. c3 Ne7 7. Bf4 d5 8. exd5
exd5 9. Bd3 O-O 10. Re1 Bf5 11. Na3 Bxd3 12. Qxd3 Re8 13. Re2 Nd7 14. Rae1 Nf8
15. Be5 f6 16. Bf4 Qd7 17. Nc2 Nf5 18. Ne3 Nxe3 19. Rxe3 Ne6 20. Bg3 Bh6 21.
R3e2 Nf4 22. Bxf4 Bxf4 23. Kf1 b5 24. Rxe8+ Rxe8 25. Rxe8+ Qxe8 26. Qe2 Qd7 27.
g3 Bh6 28. Ne1 Kf7 29. Nd3 Qh3+ 30. Kg1 Qf5 31. Kg2 a5 32. Qf3 Qe6 33. Nc5 Qe7
34. Qg4 f5 35. Qd1 Bf8 36. Nd3 Bg7 37. f4 a4 38. a3 h5 39. Qe1 Qxe1 40. Nxe1 c5
41. dxc5 d4 42. cxd4 Bxd4 43. Nd3 Ke6 44. Kf3 Kd5 45. Ke2 Bg1 46. h3 Bxc5 47.
Nxc5 Kxc5 48. Kd3 h4 49. gxh4 Kd5 50. h5 gxh5 51. h4 Kc5 52. Kc3 b4+ 53. axb4+
Kb5 54. Kd4 Kxb4 55. Ke5 Kb3 56. Kxf5 Kxb2 57. Kg6 a3 58. f5 a2 59. f6 a1=Q 60.
f7 Qg1+ 61. Kh7 Qf2 62. Kg8 Qxh4 63. f8=Q Qg3+ 64. Kh7 h4 65. Qb4+ Kc2 66. Qc4+
Kd2 67. Qa2+ Ke1 68. Qb1+ Kf2 69. Qc2+ Kg1 70. Qd1+ Kg2 71. Qe2+ Qf2 72. Qg4+
Kh2 73. Kh6 h3 74. Kh5 Qf7+ 75. Kh6 Qf6+ 76. Kh7 Qe5 77. Qf3 Qd4 78. Kh6 Qh4+
0-1

[Event "12sen.WM-H Naumburg"]
[Site "Naumburg/Saale(20.10.-03.11.)"]
[Date "2002.10.22"]
[Round "2"]
[White "Burreh, Heinz"]
[Black "Schumacher, Ursula"]
[Result "1-0"]
[WhiteElo "1826"]
[BlackElo "1528"]
[PlyCount "87"]
[EventDate "2002.11.??"]

1. e4 c6 2. d4 d5 3. exd5 cxd5 4. Nf3 Bf5 5. Bd3 Bxd3 6. Qxd3 e6 7. O-O Ne7 8.
Re1 Nbc6 9. c3 Qc7 10. b4 a6 11. Nbd2 Ng6 12. Nb3 b6 13. a4 Be7 14. Bd2 O-O 15.
a5 b5 16. g3 Rfe8 17. h4 h6 18. h5 Nf8 19. Bf4 Qc8 20. Ne5 Nxe5 21. Bxe5 Nd7
22. Nc5 Bxc5 23. bxc5 Nxe5 24. Rxe5 Qd8 25. Qe3 Rc8 26. Kg2 Rc6 27. Qf4 f6 28.
Re3 Qc7 29. Qxc7 Rxc7 30. g4 e5 31. Rae1 Kf7 32. f3 Re6 33. Kg3 Rcc6 34. f4 e4
35. Kh4 Ke8 36. Rg1 Kf8 37. g5 f5 38. gxh6 Rxh6 39. Reg3 g6 40. Rxg6 e3 41.
Rxc6 Rxc6 42. Re1 Re6 43. Re2 Kg7 44. Kg5 1-0

[Event "12sen.WM-H Naumburg"]
[Site "Naumburg/Saale(20.10.-03.11.)"]
[Date "2002.10.22"]
[Round "2"]
[White "Chehlov, Alexander"]
[Black "Mietner, Franz"]
[Result "1-0"]
[WhiteElo "2274"]
[BlackElo "1742"]
[PlyCount "33"]
[EventDate "2002.11.??"]

1. e4 c6 2. d4 d5 3. Nd2 dxe4 4. Nxe4 Nd7 5. Bd3 Ngf6 6. Ng5 e6 7. N1f3 c5 8.
O-O b6 9. Ne5 Nxe5 10. dxe5 Nd5 11. Qf3 Qe7 12. c4 Nc7 13. Be4 Rb8 14. Rd1 Bd7
15. Rxd7 Kxd7 16. Bc6+ Kc8 17. Nxf7 1-0